[Event "21st Sants Open 2019"]
[Site "Cotxeres de Sants"]
[Date "2019.08.26"]
[Round "4.1"]
[White "Gines Esteo, Pedro Antonio"]
[Black "Bauer, Christian"]
[Result "1-0"]
[WhiteElo "2417"]
[BlackElo "2626"]
[Annotator "TA"]
[PlyCount "55"]
[EventDate "2019.08.22"]
[EventType "swiss"]
[EventCountry "ESP"]
[SourceTitle "playchess.com"]
[Source "ChessBase"]
[SourceQuality "1"]

{[%evp 9,55,0,9,-5,16,18,15,14,30,27,29,28,20,18,90,59,102,97,149,134,228,213,218,187,232,152,149,160,222,211,258,260,392,381,379,370,554,268,274,283,271,269,367,366,608,369,597,574]} 1. Nf3 b6 2. g3 Bb7 3. Bg2 g6 4. c4 Bg7 5. Nc3 c5 6. b3 {A04: Unusual lines after 1 Nf3 and King's Indian Attack} Bxc3 7. dxc3 d6 8. O-O $146 {The position is equal.} ({Predecessor:} 8. Qc2 Qd7 9. e4 Nc6 10. Be3 e5 11. h4 f6 12. Bh3 Qc7 {½-½ (42) Horvath,J (2527)-Vallejo Pons,F (2708) Pattaya 2015}) 8... Qc7 9. Qc2 Nc6 10. Ne1 O-O-O 11. Nd3 $36 {[%mdl 2048] White fights for an advantage.} h6 (11... h5 $11 {keeps the balance.}) 12. a4 {[%cal Ba2a4,Ba4a5][%mdl 32]} e5 13. b4 Nf6 ({Better is} 13... cxb4 14. cxb4 (14. Nxb4 Na5 $11) 14... Nd4) 14. a5 $16 e4 (14... g5 $16 {was worth a try.} 15. a6 Ba8) 15. Nf4 $18 Ne5 16. axb6 axb6 17. Nd5 Nxd5 18. cxd5 cxb4 (18... Bxd5 $16 19. bxc5 bxc5) 19. Qxe4 bxc3 20. Be3 Nc4 (20... Qc4 $142 21. Bxb6 Qxe4 22. Bxe4 Kb8 23. Bxd8 Rxd8) 21. Rfc1 Rhe8 22. Qd4 Qc5 (22... b5 $142 23. Rxc3 Rd7) 23. Rxc3 (23. Qxc3 $142 Nxe3 24. Qb3 (24. fxe3 Kb8 $16) 24... Nxg2 25. Qxb6 {[%mdl 64] Pin} (25. Rxc5+ bxc5 26. Qb5 Ne3 $16) (25. Kxg2 Rxe2 26. Rxc5+ bxc5 $14)) 23... Qxd4 24. Bxd4 b5 25. Ra5 Rxe2 26. Rxb5 Re1+ 27. Bf1 Ba6 $2 {[#]} (27... Rd7 28. Rxc4+ Rc7) 28. Rb6 {Accuracy: White = 69%, Black = 37%.} ({Worse is} 28. Rxc4+ Kd7 $11) 1-0

[Event "21st Sants Open 2019"]
[Site "Cotxeres de Sants"]
[Date "2019.08.26"]
[Round "4.2"]
[White "Puranik, Abhimanyu"]
[Black "Harikrishnan.A.Ra"]
[Result "1-0"]
[WhiteElo "2550"]
[BlackElo "2411"]
[Annotator "ChessBase"]
[PlyCount "85"]
[EventDate "2019.08.22"]
[EventType "swiss"]
[EventCountry "ESP"]
[SourceTitle "playchess.com"]
[Source "ChessBase"]
[SourceQuality "1"]
[TimeControl "40/5400+30:1800+30"]

1. e4 e5 {[%emt 0:00:00]} 2. Nf3 {[%emt 0:00:00]} Nc6 {[%emt 0:00:00]} 3. Bc4 {[%emt 0:00:00]} Bc5 {[%emt 0:00:00]} 4. O-O {[%emt 0:00:00]} Nf6 {[%emt 0:00:00]} 5. d3 {[%emt 0:00:06]} O-O {[%emt 0:00:01]} 6. h3 {[%emt 0:00:12]} h6 {[%emt 0:00:32]} 7. Re1 {[%emt 0:00:26]} d6 {[%emt 0:02:37]} 8. c3 {[%emt 0:00:13]} a6 {[%emt 0:01:43]} 9. a4 {[%emt 0:00:13]} Ba7 {[%emt 0:00:59]} 10. Nbd2 {[%emt 0:01:45]} Ne7 {[%emt 0:01:54]} 11. Nf1 {[%emt 0:01:15]} Ng6 {[%emt 0:00:22]} 12. Ng3 {[%emt 0:04:58]} Re8 {[%emt 0:04:04]} 13. Bb3 {[%emt 0:16:20]} Be6 {[%emt 0:10:33]} 14. d4 {[%emt 0:02:26]} exd4 {[%emt 0:22:58]} 15. cxd4 {[%emt 0:01:55]} c5 {[%emt 0:05:27]} 16. d5 {[%emt 0:06:44]} Bd7 {[%emt 0:00:24]} 17. a5 {[%emt 0:00:12]} b5 {[%emt 0:07:57]} 18. axb6 {[%emt 0:00:57]} Bxb6 {[%emt 0:00:05]} 19. Bc4 {[%emt 0:06:21]} Bb5 {[%emt 0:04:29]} 20. b3 {[%emt 0:02:38]} Ba5 {[%emt 0:02:39]} 21. Re3 {[%emt 0:00:35]} Nd7 {[%emt 0:11:45]} 22. Bb2 {[%emt 0:03:49]} Rb8 {[%emt 0:05:21]} 23. Bxb5 {[%emt 0:04:45]} Rxb5 {[%emt 0:01:10]} 24. Nf5 {[%emt 0:07:39]} Nf6 {[%emt 0:01:40]} 25. Ra4 {[%emt 0:00:55]} Bb6 {[%emt 0:01:42]} 26. Rc4 {[%emt 0:09:06]} Kh7 {[%emt 0:01:06]} 27. g3 {[%emt 0:03:30]} Rb4 {[%emt 0:03:25]} 28. Qa1 {[%emt 0:03:19]} Bc7 {[%emt 0:00:25]} 29. Rxb4 {[%emt 0:04:14]} cxb4 {[%emt 0:00:02]} 30. Qxa6 {[%emt 0:00:23]} Nxe4 {[%emt 0:03:07]} 31. Nxg7 {[%emt 0:03:19]} Bb6 {[%emt 0:00:42]} 32. Re2 {[%emt 0:10:03]} Re7 {[%emt 0:03:21]} 33. Nh5 {[%emt 0:01:27]} Ra7 {[%emt 0:00:53]} 34. Qc4 {[%emt 0:01:20]} f5 {[%emt 0:00:02]} 35. Rxe4 {[%emt 0:01:36]} fxe4 {[%emt 0:00:29]} 36. Nf6+ {[%emt 0:00:10]} Kg7 {[%emt 0:00:40]} 37. Qxe4 {[%emt 0:00:06]} Rf7 {[%emt 0:00:19]} 38. Ng4+ {[%emt 0:02:03]} Kh7 {[%emt 0:00:06]} 39. Nh4 {[%emt 0:02:31]} Qg5 {[%emt 0:00:05]} 40. Kg2 {[%emt 0:00:00]} h5 {[%emt 0:00:00]} 41. Bc1 {[%emt 0:06:53]} Re7 {[%emt 0:09:09]} 42. Bxg5 {[%emt 0:00:23]} Rxe4 {[%emt 0:00:02]} 43. Nf6+ {[%emt 0:00:06]} 1-0

[Event "21st Sants Open 2019"]
[Site "Cotxeres de Sants"]
[Date "2019.08.26"]
[Round "4.3"]
[White "Sanchez, Sebastian Felipe"]
[Black "Krysa, Leandro"]
[Result "0-1"]
[WhiteElo "2405"]
[BlackElo "2516"]
[Annotator "ChessBase"]
[PlyCount "62"]
[EventDate "2019.08.22"]
[EventType "swiss"]
[EventCountry "ESP"]
[SourceTitle "playchess.com"]
[Source "ChessBase"]
[SourceQuality "1"]
[TimeControl "40/5400+30:1800+30"]

1. e4 e5 2. Nf3 Nc6 3. Bb5 {[%emt 0:23:01]} a6 {[%emt 0:00:14]} 4. Ba4 {[%emt 0:00:02]} Nge7 {[%emt 0:00:06]} 5. O-O {[%emt 0:00:09]} g6 {[%emt 0:00:50]} 6. c3 {[%emt 0:01:56]} Bg7 {[%emt 0:00:31]} 7. d4 {[%emt 0:00:05]} exd4 {[%emt 0:00:47]} 8. cxd4 {[%emt 0:00:07]} b5 {[%emt 0:00:35]} 9. Bb3 {[%emt 0:03:17]} O-O {[%emt 0:00:50]} 10. Nc3 {[%emt 0:02:50]} Na5 {[%emt 0:00:05]} 11. Bc2 {[%emt 0:00:22]} d6 {[%emt 0:00:05]} 12. h3 {[%emt 0:05:19]} c5 {[%emt 0:01:39]} 13. Rb1 {[%emt 0:02:10]} cxd4 {[%emt 0:12:40]} 14. Nxd4 {[%emt 0:00:06]} Bb7 {[%emt 0:00:03]} 15. Bg5 {[%emt 0:01:36]} Rc8 {[%emt 0:02:34]} 16. Re1 {[%emt 0:02:32]} Re8 {[%emt 0:04:29]} 17. a4 {[%emt 0:19:18]} Qb6 {[%emt 0:11:32]} 18. Be3 {[%emt 0:04:21]} Nc4 {[%emt 0:03:21]} 19. axb5 {[%emt 0:00:04]} Nxe3 {[%emt 0:01:50]} 20. fxe3 {[%emt 0:00:04]} axb5 {[%emt 0:09:57]} 21. Ndxb5 {[%emt 0:00:08]} d5 {[%emt 0:13:42]} 22. Bb3 {[%emt 0:00:58]} Rcd8 {[%emt 0:02:25]} 23. Bxd5 {[%emt 0:30:30]} Nxd5 {[%emt 0:11:52]} 24. exd5 {[%emt 0:00:05]} Ba6 {[%emt 0:00:04]} 25. Qa4 {[%emt 0:00:56]} Rb8 {[%emt 0:01:23]} 26. Nc7 {[%emt 0:02:27]} Rxe3 {[%emt 0:01:26]} 27. Kh1 {[%emt 0:00:35]} Bd3 {[%emt 0:02:15]} 28. Rxe3 {[%emt 0:00:10]} Qxe3 {[%emt 0:00:08]} 29. Rd1 {[%emt 0:00:04]} Be5 {[%emt 0:01:09]} 30. Na6 {[%emt 0:01:14]} Qg3 {[%emt 0:01:49]} 31. Kg1 {[%emt 0:00:04]} Qh2+ {[%emt 0:00:28]} 0-1

[Event "21st Sants Open 2019"]
[Site "Cotxeres de Sants"]
[Date "2019.08.26"]
[Round "4.4"]
[White "Domingo Nunez, Alejandro"]
[Black "Salinas Herrera, Pablo"]
[Result "1/2-1/2"]
[WhiteElo "2392"]
[BlackElo "2506"]
[Annotator "ChessBase"]
[PlyCount "78"]
[EventDate "2019.08.22"]
[EventType "swiss"]
[EventCountry "ESP"]
[SourceTitle "playchess.com"]
[Source "ChessBase"]
[SourceQuality "1"]
[TimeControl "40/5400+30:1800+30"]

1. e4 {[%emt 0:00:00]} e5 {[%emt 0:13:33]} 2. Nf3 {[%emt 0:00:00]} Nc6 {[%emt 0:00:05]} 3. Bc4 {[%emt 0:00:00]} Nf6 {[%emt 0:00:11]} 4. d3 {[%emt 0:00:05]} Bc5 {[%emt 0:00:07]} 5. c3 {[%emt 0:00:07]} O-O {[%emt 0:00:19]} 6. a4 {[%emt 0:00:05]} a5 {[%emt 0:01:18]} 7. O-O {[%emt 0:00:23]} d6 {[%emt 0:01:03]} 8. Bg5 {[%emt 0:00:04]} h6 {[%emt 0:02:21]} 9. Bh4 {[%emt 0:00:25]} g5 {[%emt 0:00:05]} 10. Bg3 {[%emt 0:02:15]} Ba7 {[%emt 0:06:16]} 11. Nbd2 {[%emt 0:09:42]} Kg7 {[%emt 0:06:11]} 12. Bb3 {[%emt 0:11:00]} g4 {[%emt 0:21:50]} 13. Nh4 {[%emt 0:02:20]} Nh5 {[%emt 0:00:06]} 14. Nc4 {[%emt 0:05:51]} Qg5 {[%emt 0:02:46]} 15. Qd2 {[%emt 0:21:04]} Qxd2 {[%emt 0:12:01]} 16. Nxd2 {[%emt 0:00:03]} Ne7 {[%emt 0:00:26]} 17. Nc4 {[%emt 0:06:57]} f5 {[%emt 0:02:58]} 18. exf5 {[%emt 0:00:12]} Nxg3 {[%emt 0:00:18]} 19. hxg3 {[%emt 0:00:15]} Nxf5 {[%emt 0:00:05]} 20. Nxf5+ {[%emt 0:00:19]} Bxf5 {[%emt 0:00:14]} 21. Rad1 {[%emt 0:00:15]} Bd7 {[%emt 0:03:27]} 22. Nxa5 {[%emt 0:17:13]} h5 {[%emt 0:16:05]} 23. d4 {[%emt 0:05:50]} exd4 {[%emt 0:03:38]} 24. cxd4 {[%emt 0:00:05]} Rae8 {[%emt 0:01:25]} 25. Rd2 {[%emt 0:02:21]} Re4 {[%emt 0:01:24]} 26. Rfd1 {[%emt 0:03:13]} Rfe8 {[%emt 0:00:44]} 27. Kf1 {[%emt 0:03:29]} b6 {[%emt 0:00:52]} 28. Nc4 {[%emt 0:00:50]} b5 {[%emt 0:00:01]} 29. axb5 {[%emt 0:04:02]} Bxb5 {[%emt 0:00:05]} 30. Kg1 {[%emt 0:00:03]} Re1+ {[%emt 0:00:03]} 31. Rxe1 {[%emt 0:00:15]} Rxe1+ {[%emt 0:00:04]} 32. Kh2 {[%emt 0:00:03]} Bxc4 {[%emt 0:02:53]} 33. Bxc4 {[%emt 0:00:09]} Re4 {[%emt 0:00:03]} 34. b3 {[%emt 0:01:34]} Rxd4 {[%emt 0:03:18]} 35. Rxd4 {[%emt 0:00:48]} Bxd4 {[%emt 0:00:04]} 36. Kg1 {[%emt 0:00:44]} h4 {[%emt 0:00:33]} 37. gxh4 {[%emt 0:02:16]} g3 {[%emt 0:00:03]} 38. Kf1 {[%emt 0:00:04]} Bxf2 {[%emt 0:01:12]} 39. Ke2 {[%emt 0:01:50]} Kf6 {[%emt 0:00:40]} 1/2-1/2

[Event "21st Sants Open 2019"]
[Site "Cotxeres de Sants"]
[Date "2019.08.26"]
[Round "4.5"]
[White "Lopez Gonzalez, Abel Fabian"]
[Black "Arjun Kalyan"]
[Result "0-1"]
[WhiteElo "2370"]
[BlackElo "2482"]
[Annotator "ChessBase"]
[PlyCount "108"]
[EventDate "2019.08.22"]
[EventType "swiss"]
[EventCountry "ESP"]
[SourceTitle "playchess.com"]
[Source "ChessBase"]
[SourceQuality "1"]
[TimeControl "40/5400+30:1800+30"]

1. d4 {[%emt 0:03:34]} d5 {[%emt 0:00:00]} 2. c4 {[%emt 0:00:07]} e6 {[%emt 0:00:00]} 3. Nc3 {[%emt 0:00:55]} Be7 {[%emt 0:00:01]} 4. cxd5 {[%emt 0:00:16]} exd5 {[%emt 0:00:08]} 5. Bf4 {[%emt 0:00:10]} Nf6 {[%emt 0:00:24]} 6. e3 {[%emt 0:00:19]} Bf5 {[%emt 0:00:47]} 7. Qb3 {[%emt 0:02:30]} Nc6 {[%emt 0:00:13]} 8. Qxb7 {[%emt 0:15:52]} Nb4 {[%emt 0:00:22]} 9. Rc1 {[%emt 0:00:05]} O-O {[%emt 0:01:19]} 10. Qxc7 {[%emt 0:17:28]} Qxc7 {[%emt 0:00:30]} 11. Bxc7 {[%emt 0:00:02]} Rac8 {[%emt 0:00:50]} 12. Bg3 {[%emt 0:00:16]} Ne4 {[%emt 0:04:06]} 13. a3 {[%emt 0:00:41]} Nxc3 {[%emt 0:04:57]} 14. Rxc3 {[%emt 0:03:42]} Na2 {[%emt 0:11:23]} 15. Rxc8 {[%emt 0:07:17]} Rxc8 {[%emt 0:00:12]} 16. Ne2 {[%emt 0:09:26]} a5 {[%emt 0:16:45]} 17. e4 {[%emt 0:15:21]} Bxe4 {[%emt 0:01:28]} 18. f3 {[%emt 0:00:05]} Bf5 {[%emt 0:09:11]} 19. Bf4 {[%emt 0:01:19]} Rc2 {[%emt 0:00:18]} 20. Bd2 {[%emt 0:01:08]} Rxb2 {[%emt 0:01:10]} 21. Bxa5 {[%emt 0:00:07]} Bxa3 {[%emt 0:01:15]} 22. Ng3 {[%emt 0:00:23]} Bd7 {[%emt 0:03:18]} 23. Be2 {[%emt 0:04:24]} Bd6 {[%emt 0:00:49]} 24. Kf2 {[%emt 0:00:41]} Bb5 {[%emt 0:15:11]} 25. Re1 {[%emt 0:00:08]} Bf4 {[%emt 0:01:22]} 26. Nh5 {[%emt 0:04:45]} Bxh2 {[%emt 0:01:23]} 27. f4 {[%emt 0:04:23]} f5 {[%emt 0:03:37]} 28. Kf3 {[%emt 0:04:00]} Rb3+ {[%emt 0:04:43]} 29. Kf2 {[%emt 0:00:03]} g6 {[%emt 0:02:43]} 30. Bxb5 {[%emt 0:00:41]} Rxb5 {[%emt 0:00:04]} 31. Nf6+ {[%emt 0:01:00]} Kf7 {[%emt 0:01:12]} 32. Bd8 {[%emt 0:00:06]} Rb8 {[%emt 0:06:52]} 33. Nxh7 {[%emt 0:00:24]} Rxd8 {[%emt 0:00:59]} 34. Ng5+ {[%emt 0:00:05]} Kg8 {[%emt 0:00:05]} 35. g3 {[%emt 0:03:25]} Rb8 {[%emt 0:02:54]} 36. Kg2 Rb2+ 37. Kh3 Nc3 38. Rh1 Ne2 39. Kxh2 Nxf4+ 40. Kg1 Rg2+ 41. Kf1 Rxg3 42. Rg1 Rxg1+ 43. Kxg1 Ne2+ 44. Kf2 Nxd4 45. Ke3 Nc6 46. Kf4 Kg7 47. Nf3 Kf6 48. Ng5 Nd8 49. Nh7+ Kg7 50. Ng5 Nf7 51. Ne6+ Kf6 52. Nc7 g5+ 53. Ke3 Ke5 54. Nb5 g4 0-1

[Event "21st Sants Open 2019"]
[Site "Cotxeres de Sants"]
[Date "2019.08.26"]
[Round "4.6"]
[White "Neef, Maximilian"]
[Black "Percivaldi, Martin"]
[Result "1-0"]
[WhiteElo "2481"]
[BlackElo "2391"]
[Annotator "ChessBase"]
[PlyCount "89"]
[EventDate "2019.08.22"]
[EventType "swiss"]
[EventCountry "ESP"]
[SourceTitle "playchess.com"]
[Source "ChessBase"]
[SourceQuality "1"]
[TimeControl "40/5400+30:1800+30"]

1. Nf3 Nf6 2. g3 b6 3. Bg2 Bb7 4. O-O g6 5. d4 Bg7 6. c4 e6 7. Bf4 O-O 8. Qc2 a5 9. Nc3 Na6 10. e4 d5 11. cxd5 exd5 12. e5 Ne4 13. Rad1 Nxc3 14. bxc3 Qd7 15. Rfe1 c6 16. h4 Nc7 17. Qb1 b5 18. h5 Rfe8 19. Ng5 Bc8 20. Bh3 Qd8 21. e6 Nxe6 22. Bxe6 Bxe6 23. hxg6 hxg6 24. Rxe6 Rxe6 25. Nxe6 fxe6 26. Qxg6 Qf6 27. Qg4 Qf5 28. Qe2 Kf7 29. Bc7 a4 30. g4 Qh7 31. Re1 Qh6 32. Qf3+ Bf6 33. Be5 Rh8 34. Kg2 Ke7 35. Bxf6+ Qxf6 36. Qg3 Kf7 37. a3 Rg8 38. Rh1 Qg6 39. Qc7+ Kf8 40. Qd6+ Kf7 41. Qc7+ Kf6 42. f3 Qc2+ 43. Kg3 Rxg4+ 44. fxg4 Qd3+ 45. Kh4 1-0

[Event "21st Sants Open 2019"]
[Site "Cotxeres de Sants"]
[Date "2019.08.26"]
[Round "4.7"]
[White "Berdayes Ason, Dylan Isidro"]
[Black "Valenzuela Gomez, Fernando"]
[Result "0-1"]
[WhiteElo "2458"]
[BlackElo "2388"]
[Annotator "ChessBase"]
[PlyCount "76"]
[EventDate "2019.08.22"]
[EventType "swiss"]
[EventCountry "ESP"]
[SourceTitle "playchess.com"]
[Source "ChessBase"]
[SourceQuality "1"]
[TimeControl "40/5400+30:1800+30"]

1. e4 {[%emt 0:04:36]} c5 {[%emt 0:06:59]} 2. Nf3 {[%emt 0:00:03]} d6 {[%emt 0:00:23]} 3. d4 {[%emt 0:00:03]} cxd4 {[%emt 0:00:05]} 4. Nxd4 {[%emt 0:00:04]} Nf6 {[%emt 0:00:15]} 5. Nc3 {[%emt 0:00:02]} a6 {[%emt 0:00:06]} 6. Be3 {[%emt 0:00:05]} e5 {[%emt 0:00:09]} 7. Nb3 {[%emt 0:00:02]} Be7 {[%emt 0:00:19]} 8. f3 {[%emt 0:00:19]} Be6 {[%emt 0:00:19]} 9. Qd2 {[%emt 0:00:03]} O-O {[%emt 0:00:48]} 10. O-O-O {[%emt 0:00:04]} Nbd7 {[%emt 0:00:47]} 11. g4 {[%emt 0:00:02]} Qc7 {[%emt 0:00:10]} 12. g5 {[%emt 0:01:27]} Nh5 {[%emt 0:00:15]} 13. Kb1 {[%emt 0:00:43]} b5 {[%emt 0:01:05]} 14. Nd5 {[%emt 0:07:45]} Bxd5 {[%emt 0:00:35]} 15. exd5 {[%emt 0:00:07]} Nb6 {[%emt 0:00:45]} 16. Na5 {[%emt 0:00:48]} Nxd5 {[%emt 0:01:11]} 17. Qxd5 {[%emt 0:00:03]} Qxa5 {[%emt 0:00:07]} 18. Rg1 {[%emt 0:04:26]} Rac8 {[%emt 0:15:24]} 19. Bd3 {[%emt 0:08:13]} g6 {[%emt 0:00:33]} 20. Rg4 {[%emt 0:11:21]} Qc7 {[%emt 0:05:27]} 21. a4 {[%emt 0:00:31]} Nf4 {[%emt 0:12:04]} 22. Bxf4 {[%emt 0:00:16]} exf4 {[%emt 0:00:04]} 23. axb5 {[%emt 0:13:07]} axb5 {[%emt 0:00:42]} 24. h4 {[%emt 0:01:55]} Qa7 {[%emt 0:09:15]} 25. Rxf4 {[%emt 0:02:40]} Rc5 {[%emt 0:07:08]} 26. Qb3 {[%emt 0:01:23]} b4 {[%emt 0:04:32]} 27. Kc1 {[%emt 0:10:43]} Rxg5 {[%emt 0:08:51]} 28. Rxb4 {[%emt 0:08:05]} Qa1+ {[%emt 0:03:14]} 29. Kd2 {[%emt 0:00:01]} Rg2+ {[%emt 0:00:10]} 30. Be2 {[%emt 0:00:01]} Qa5 {[%emt 0:02:24]} 31. c3 {[%emt 0:00:40]} Bxh4 {[%emt 0:02:19]} 32. Re4 {[%emt 0:04:01]} Qf5 {[%emt 0:07:07]} 33. c4 {[%emt 0:09:27]} Bg5+ {[%emt 0:02:00]} 34. Kd3 {[%emt 0:00:01]} Rd8 {[%emt 0:02:45]} 35. Kd4 {[%emt 0:06:51]} Qc5+ {[%emt 0:02:59]} 36. Kc3 {[%emt 0:00:46]} Bf6+ {[%emt 0:00:26]} 37. Kc2 {[%emt 0:01:00]} d5 {[%emt 0:00:07]} 38. Qe3 {[%emt 0:01:25]} Rxe2+ {[%emt 0:02:08]} 0-1

[Event "21st Sants Open 2019"]
[Site "Cotxeres de Sants"]
[Date "2019.08.26"]
[Round "4.8"]
[White "Lagunow, Raphael"]
[Black "Garcia Ramos, Daniel"]
[Result "1/2-1/2"]
[WhiteElo "2431"]
[BlackElo "2348"]
[Annotator "NA"]
[PlyCount "35"]
[EventDate "2019.08.22"]
[EventType "swiss"]
[EventCountry "ESP"]
[SourceTitle "playchess.com"]
[Source "ChessBase"]
[SourceQuality "1"]
[TimeControl "40/5400+30:1800+30"]

1. e4 {[%emt 0:03:22]} e5 {[%emt 0:00:00]} 2. Nf3 {[%emt 0:00:09]} Nc6 {[%emt 0:00:00]} 3. Bc4 {[%emt 0:00:05]} Bc5 {[%emt 0:00:00]} 4. c3 {[%emt 0:00:06]} Nf6 {[%emt 0:01:35]} 5. d4 {[%emt 0:00:06]} exd4 {[%emt 0:00:07]} 6. e5 {[%emt 0:00:09]} d5 {[%emt 0:00:08]} 7. Bb5 {[%emt 0:00:07]} Ne4 {[%emt 0:00:05]} 8. cxd4 {[%emt 0:00:05]} Bb6 {[%emt 0:01:04]} 9. Nc3 {[%emt 0:00:29]} O-O {[%emt 0:00:17]} 10. Be3 {[%emt 0:00:26]} Bg4 {[%emt 0:02:52]} 11. h3 {[%emt 0:00:26]} Bh5 {[%emt 0:00:15]} 12. Qc2 {[%emt 0:00:36]} Bg6 {[%emt 0:02:41]} 13. Qb3 {[%emt 0:01:40]} Ne7 {[%emt 0:11:09]} 14. O-O {[%emt 0:15:01]} c6 {[%emt 0:03:53]} 15. Bd3 {[%emt 0:02:00]} Nd2 {[%emt 0:11:49]} 16. Bxd2 {[%emt 0:05:46]} Bxd3 {[%emt 0:00:06]} 17. Rfe1 {[%emt 0:08:22]} Bf5 {[%emt 0:19:02]} 18. Na4 {[%emt 0:19:54]} 1/2-1/2

[Event "21st Sants Open 2019"]
[Site "Cotxeres de Sants"]
[Date "2019.08.26"]
[Round "4.9"]
[White "Gokerkan, Cem Kaan"]
[Black "Bobadilla Viera, Jorge Samuel"]
[Result "1/2-1/2"]
[WhiteElo "2421"]
[BlackElo "2307"]
[Annotator "NA"]
[PlyCount "69"]
[EventDate "2019.08.22"]
[EventType "swiss"]
[EventCountry "ESP"]
[SourceTitle "playchess.com"]
[Source "ChessBase"]
[SourceQuality "1"]
[TimeControl "40/5400+30:1800+30"]

1. e4 c5 2. Nf3 d6 3. Bb5+ Nd7 4. c4 Ngf6 {[%emt 0:03:13]} 5. O-O {[%emt 0:01:28]} g6 {[%emt 0:00:30]} 6. Nc3 {[%emt 0:00:30]} Bg7 {[%emt 0:02:14]} 7. Ba4 {[%emt 0:00:30]} O-O {[%emt 0:14:33]} 8. d3 {[%emt 0:00:04]} e5 {[%emt 0:07:02]} 9. a3 {[%emt 0:02:22]} Nh5 {[%emt 0:03:44]} 10. Ne1 {[%emt 0:13:23]} Nf4 {[%emt 0:03:43]} 11. Nc2 {[%emt 0:16:41]} Ne6 {[%emt 0:05:00]} 12. b4 {[%emt 0:04:23]} f5 {[%emt 0:07:04]} 13. exf5 {[%emt 0:03:52]} gxf5 {[%emt 0:00:17]} 14. Rb1 {[%emt 0:01:01]} Kh8 {[%emt 0:05:03]} 15. Bxd7 {[%emt 0:20:44]} Bxd7 {[%emt 0:01:04]} 16. bxc5 {[%emt 0:00:01]} Nxc5 {[%emt 0:00:18]} 17. Nd5 {[%emt 0:05:01]} f4 {[%emt 0:07:25]} 18. d4 {[%emt 0:00:45]} exd4 {[%emt 0:00:20]} 19. Bb2 {[%emt 0:01:50]} f3 {[%emt 0:06:54]} 20. Bxd4 {[%emt 0:01:34]} Qg5 {[%emt 0:00:51]} 21. Bxg7+ {[%emt 0:01:54]} Qxg7 {[%emt 0:00:11]} 22. g3 {[%emt 0:01:46]} Rae8 {[%emt 0:05:16]} 23. Nde3 {[%emt 0:03:25]} Bc6 {[%emt 0:05:28]} 24. Qd4 {[%emt 0:04:06]} Ne4 {[%emt 0:05:14]} 25. Qxg7+ {[%emt 0:01:02]} Kxg7 {[%emt 0:00:02]} 26. Rbd1 {[%emt 0:00:23]} b6 {[%emt 0:07:20]} 27. Rd3 {[%emt 0:02:38]} Re5 {[%emt 0:00:57]} 28. Nd4 {[%emt 0:01:37]} Bd7 {[%emt 0:00:02]} 29. Nd5 {[%emt 0:02:24]} Bh3 {[%emt 0:01:49]} 30. Ra1 {[%emt 0:03:43]} Ng5 {[%emt 0:02:14]} 31. Nf4 {[%emt 0:03:53]} Rfe8 {[%emt 0:00:50]} 32. Rdd1 {[%emt 0:00:25]} Re4 {[%emt 0:03:07]} 33. Nb5 {[%emt 0:03:08]} Kh8 34. Nxd6 Rxf4 35. gxf4 1/2-1/2

[Event "21st Sants Open 2019"]
[Site "Cotxeres de Sants"]
[Date "2019.08.26"]
[Round "4.10"]
[White "Vaibhav, Suri"]
[Black "Sohier, Julien"]
[Result "1-0"]
[WhiteElo "2591"]
[BlackElo "2161"]
[Annotator "ChessBase"]
[PlyCount "87"]
[EventDate "2019.08.22"]
[EventType "swiss"]
[EventCountry "ESP"]
[SourceTitle "playchess.com"]
[Source "ChessBase"]
[SourceQuality "1"]
[TimeControl "40/5400+30:1800+30"]

1. e4 {[%emt 0:00:00]} e5 {[%emt 0:05:45]} 2. Nf3 {[%emt 0:00:22]} Nc6 {[%emt 0:00:13]} 3. Bb5 {[%emt 0:00:06]} Nf6 {[%emt 0:01:45]} 4. d3 {[%emt 0:00:13]} Bc5 {[%emt 0:00:42]} 5. c3 {[%emt 0:00:36]} d6 {[%emt 0:04:54]} 6. d4 {[%emt 0:11:30]} exd4 {[%emt 0:01:35]} 7. cxd4 {[%emt 0:00:17]} Bb4+ {[%emt 0:00:05]} 8. Kf1 {[%emt 0:02:07]} d5 {[%emt 0:05:02]} 9. e5 {[%emt 0:03:07]} Nd7 {[%emt 0:05:03]} 10. Qb3 {[%emt 0:02:26]} Be7 {[%emt 0:08:45]} 11. Qxd5 {[%emt 0:01:25]} O-O {[%emt 0:04:20]} 12. Nc3 {[%emt 0:09:58]} Nb4 {[%emt 0:05:23]} 13. Qe4 {[%emt 0:04:13]} f5 {[%emt 0:06:52]} 14. Qe2 {[%emt 0:08:04]} Nb6 {[%emt 0:02:11]} 15. Bc4+ {[%emt 0:14:47]} Kh8 {[%emt 0:16:56]} 16. a3 {[%emt 0:00:55]} N4d5 {[%emt 0:01:30]} 17. Nxd5 {[%emt 0:00:36]} Nxd5 {[%emt 0:01:10]} 18. e6 {[%emt 0:08:38]} c6 {[%emt 0:15:02]} 19. h4 {[%emt 0:02:19]} Qd6 {[%emt 0:01:35]} 20. Bg5 {[%emt 0:03:10]} Bxe6 {[%emt 0:04:00]} 21. Bxd5 {[%emt 0:02:35]} cxd5 {[%emt 0:00:07]} 22. Re1 {[%emt 0:00:06]} Bxg5 {[%emt 0:01:01]} 23. hxg5 {[%emt 0:00:02]} Bd7 {[%emt 0:04:31]} 24. Qe7 {[%emt 0:07:29]} Qxe7 {[%emt 0:02:45]} 25. Rxe7 {[%emt 0:00:02]} Bc6 {[%emt 0:00:26]} 26. Ne5 {[%emt 0:00:05]} Rfe8 {[%emt 0:00:38]} 27. Rc7 {[%emt 0:04:29]} Kg8 {[%emt 0:00:36]} 28. g6 {[%emt 0:00:06]} hxg6 {[%emt 0:00:19]} 29. Nxg6 {[%emt 0:00:24]} Bb5+ {[%emt 0:00:34]} 30. Kg1 {[%emt 0:00:02]} Re1+ {[%emt 0:00:25]} 31. Kh2 {[%emt 0:00:01]} Rxh1+ {[%emt 0:00:39]} 32. Kxh1 {[%emt 0:00:01]} Bc6 {[%emt 0:00:37]} 33. Ne7+ {[%emt 0:00:07]} Kf8 {[%emt 0:00:17]} 34. Nxf5 {[%emt 0:01:12]} Re8 {[%emt 0:00:26]} 35. Nxg7 {[%emt 0:01:32]} Re2 {[%emt 0:00:16]} 36. f4 {[%emt 0:01:34]} Rxb2 {[%emt 0:00:50]} 37. f5 {[%emt 0:00:25]} Be8 {[%emt 0:00:39]} 38. Ne6+ {[%emt 0:04:48]} Kg8 {[%emt 0:00:02]} 39. Rg7+ {[%emt 0:00:06]} Kh8 {[%emt 0:00:05]} 40. Re7 {[%emt 0:00:00]} Bh5 {[%emt 0:00:00]} 41. Nf4 {[%emt 0:00:19]} Bg4 {[%emt 0:03:31]} 42. Ng6+ {[%emt 0:00:39]} Kg8 {[%emt 0:00:13]} 43. f6 {[%emt 0:00:04]} Be6 {[%emt 0:03:48]} 44. Rg7# {[%emt 0:00:05]} 1-0